000
00309nam a2200109Ia 4500
008
200302s9999 xx 000 0 und d
100
_a
Tim Abrahams
245
_a
Ideas Exchange the Collaborative studio of Hawkins/ Brown
260
_b
Birkhauser Publlisher for Architecture
260
_c
2010
300
_a
208 P.,
999
_c
3917
_d
3917